000 00346nam a22001457a 4500
008 210428b ||||| |||| 00| 0 eng d
020 _a2901412974539
041 _aeng
080 _22nd
_a316
082 _a316
100 _a50
101 _aSOC
245 _aStrategic Corporate Social Responsibility
_cWilliam B. Werther
942 _2udc
_cBK
999 _c56905
_d56905